| 000 | 006100000a22001810004500 | ||
|---|---|---|---|
| 003 | MACL | ||
| 005 | 20160610123744.0 | ||
| 008 | 160610b xxu||||| |||| 00| 0 eng d | ||
| 040 |
_aMACL _cMACL |
||
| 041 | _aHindi | ||
| 082 | _a800 | ||
| 100 |
_aबुल्के, फादर कामिल _946628 |
||
| 245 |
_aरामकथा _bउत्पत्ति और विकास _cफादर कामिल बुल्के |
||
| 260 |
_bहिन्दी परिषद _c1999 _aदिल्ली |
||
| 350 | _a225 | ||
| 650 |
_aLiteracture _963775 |
||
| 942 |
_cHIN _k800 _2ddc |
||
| 999 |
_c30360 _d30360 |
||